| 000 | 00798nam a22002297a 4500 | ||
|---|---|---|---|
| 005 | 20100812145147.0 | ||
| 010 | _aENG-99994 | ||
| 020 |
_a9788180547567 _c425.00 |
||
| 035 | _aEN-83526 | ||
| 037 | _bDBAD/PUB | ||
| 082 | _a330.954 | ||
| 100 |
_aDhingra, Ishwar C. _9643 |
||
| 245 |
_aThe Indian economy : _benvironment & policy / _cby Ishwar C. Dhingra |
||
| 250 | _a24th rev. ed | ||
| 260 |
_aNew Delhi _bSultan Chand & Sons _c2010 |
||
| 270 |
_a23, Daryaganj _bNew Delhi _e110002 |
||
| 300 |
_axxii,858p.: _bill. _c24cm (pbk) |
||
| 500 | _aIncludes index | ||
| 650 |
_aEconomics _zIndia _911867 |
||
| 942 |
_2ddc _cEN _h330.954 _mDHI |
||
| 999 |
_c41396 _d41396 |
||